Los placeres de la literatura latina / (Registro nro. 8391)

Detalles MARC
000 -CABECERA
campo de control de longitud fija 01732nam a22002177a 4500
003 - IDENTIFICADOR DEL NÚMERO DE CONTROL
campo de control DO-SdBJH
005 - FECHA Y HORA DE LA ÚLTIMA TRANSACCIÓN
campo de control 20250807144502.0
008 - DATOS DE LONGITUD FIJA--INFORMACIÓN GENERAL
campo de control de longitud fija 250807b |||||||| |||| 00| 0 spa d
020 ## - NÚMERO INTERNACIONAL ESTÁNDAR DEL LIBRO
Número Internacional Estándar del Libro 9788418708534
040 ## - FUENTE DE LA CATALOGACIÓN
Centro catalogador/agencia de origen DO-SdBJH
Lengua de catalogación spa
Centro/agencia transcriptor DO-SdBJH
082 ## - NÚMERO DE LA CLASIFICACIÓN DECIMAL DEWEY
Número de clasificación 870 G861 2021
100 ## - ENTRADA PRINCIPAL--NOMBRE DE PERSONA
Autor Personal Grimal, Pierre
245 ## - MENCIÓN DE TÍTULO
Título Los placeres de la literatura latina /
Mención de responsabilidad, etc. Pierre Grimal
260 ## - PUBLICACIÓN, DISTRIBUCIÓN, ETC.
Lugar de publicación, distribución, etc. Madrid :
Nombre del editor, distribuidor, etc. Siruela,
Fecha de publicación, distribución, etc. 2021
300 ## - DESCRIPCIÓN FÍSICA
Extensión 140 páginas
490 ## - MENCIÓN DE SERIE
Mención de serie Biblioteca de Ensayo. Serie Mayor,
Designación de volumen o secuencia 119
504 ## - NOTA DE BIBLIOGRAFÍA, ETC.
Nota de bibliografía, etc. Incluye referencias bibliográficas e índice
520 ## - SUMARIO, ETC.
Sumario, etc. Esta pequeña joya de Pierre Grimal aumenta la pasión por los autores latinos, su lectura es uno de los placeres de la vida». Emilio del Río La literatura latina es, esencialmente, la de la historia de Roma; una literatura rica en espíritu civil que, desde la época republicana y conquistadora hasta el triunfante periodo imperial, se esforzó siempre por definir los valores fundamentales sobre los que se asentaba la afirmación de su cultura. De la prosa literaria a la poesía moral y el teatro, de la era augusta a la de los rétores; La identidad esencial de la literatura latina vertebra este delicioso y apasionante recorrido en el que Pierre Grimal, uno de los más destacados divulgadores de la civilización romana, recorre con sabiduría los meandros de las brillantes personalidades individuales ;Virgilio, Horacio, Ovidio, Séneca, Petronio, Tácito, Lucilio, Terencio o Cicerón;, vinculándolos oportunamente con las grandes corrientes ligadas al destino político y espiritual de una de las más esplendorosas civilizaciones de la historia de la humanidad. Otros libros de Grimal<br/>
650 ## - PUNTO DE ACCESO ADICIONAL DE MATERIA--TÉRMINO DE MATERIA
Término de materia o nombre geográfico como elemento de entrada Literatura latina
942 ## - ELEMENTOS DE PUNTO DE ACCESO ADICIONAL (KOHA)
Fuente del sistema de clasificación o colocación Dewey Decimal Classification
Tipo de ítem Koha Libros
Catalogador Elizabeth Figueroa
Existencias
Estado de retiro Estado de pérdida Fuente del sistema de clasificación o colocación Estado dañado No para préstamo Código de colección Localización permanente Ubicación/localización actual Ubicación en estantería Fecha de adquisición Número de inventario Total de préstamos Signatura topográfica completa Código de barras Fecha visto por última vez Número de copia Precio válido a partir de Tipo de ítem Koha
    Dewey Decimal Classification     Colección General SIBM UNADE - Biblioteca Sede Central SIBM UNADE - Biblioteca Sede Central En estantería 08/07/2025 25-03305   870 G861 2021 25-03305 08/07/2025 e.1 08/07/2025 Libros
© Copyright 2016. Universidad Nacional para la Defensa.Todos los derechos reservados.

 

Designed & Maintained by: https://www.sibdweb.com.do
Sistema de Información & Bibliotecas (SIBD). Contact: pbrito2005@gmail.com